Memoria anual 08
Saved in:
| Corporate Author: | |
|---|---|
| Format: | Book |
| Language: | Spanish |
| Published: |
Santiago
Fundación Pehuén
2008
|
| Subjects: | |
| Tags: |
Add Tag
No Tags, Be the first to tag this record!
|
MARC
| LEADER | 00000nam a2200000 a 4500 | ||
|---|---|---|---|
| 001 | UCH5758 | ||
| 003 | CL-VaPUC | ||
| 008 | 091022e20080000CL |||||||||||||||||spa|d | ||
| 082 | 0 | 4 | |a 338.983 |b FUN |2 21 |
| 110 | 2 | |a Fundación Pehuén |e author |9 542097 | |
| 245 | 1 | 0 | |a Memoria anual 08 |
| 300 | |a 44 p | ||
| 942 | |c BK | ||
| 945 | |d 20091022 00:00:00 |a rbrito | ||
| 260 | |a Santiago |b Fundación Pehuén |c 2008 | ||
| 650 | 0 | |a Desarrollo económico y social |9 256320 | |
| 650 | 0 | |a Proyectos de inversión |9 261065 | |
| 650 | 0 | |a Mapuche |9 344248 | |
| 650 | 7 | |a DESARROLLO GANADERO |2 CL-VaPUC |9 542098 | |
| 650 | 0 | |a Turismo rural |9 465355 | |
| 583 | |a last modification |c 20091022 00:00:00 |k Rodrigo Vera | ||
| 999 | |c 336830 |d 336828 | ||
| 952 | |0 0 |1 0 |4 0 |6 338_983000000000000_FUN_2008 |7 0 |8 A |9 428787 |a BIBGIM |b BIBGIM |d 2019-11-22 |i 4610865 |o 338.983 FUN 2008 |p 4610865 |r 2025-01-15 |w 2019-11-22 |y BK |k GIM | ||